Forbidden love
Kaydedildi:
| Yazar: | |
|---|---|
| Materyal Türü: | Kitap |
| Dil: | İngilizce |
| Baskı/Yayın Bilgisi: |
Bantam Books,
1987
|
| Etiketler: |
Etiketle
Etiket eklenmemiş, İlk siz ekleyin!
|
MARC
| LEADER | 00000nam a22000007a 4500 | ||
|---|---|---|---|
| 008 | 211202b ||||| |||| 00| 0 eng d | ||
| 020 | |a : 0-553-27521-6 | ||
| 100 | |a WILLIAM, Kate. | ||
| 245 | |a Forbidden love |c Kate William |g . 138p | ||
| 260 | |b Bantam Books, |c 1987 |h Toronto |i 693789 |i 693788 - Arts, |m Young adult fiction |m Love stories. |m Title. | ||
| 500 | |a (Sweet valley high: 34). | ||
| 942 | |a lcc |c BK |e J. O. Ifatola |f 02/ 12/ 2021 | ||
| 952 | |0 0 |1 0 |2 lcc |4 0 |6 PR93799 W67 |7 0 |9 3943 |a HOL |b HOL |c LP |d 2021-12-02 |l 0 |o PR 9379.9 .W67 |p 2021-67665 |r 2021-12-02 00:00:00 |w 2021-12-02 |y BK | ||
| 952 | |0 0 |1 0 |2 ddc |4 0 |6 PR_9379_900000000000000__W67 |7 0 |9 3944 |a HOL |b AC |c LP |d 2021-12-02 |l 0 |o PR 9379.9 .W67 |p 2021-67666 |r 2021-12-02 00:00:00 |w 2021-12-02 |y BK | ||
| 999 | |c 1975 |d 1975 | ||